Poemas escogidos [de Lawrence Durrell] : 1935-1963 /

Gespeichert in:
Bibliographische Detailangaben
1. Verfasser: Durrell, Lawrence (autor)
Format: Buch
Sprache:Spanisch
Veröffentlicht: Madrid, España : Visor, 1982, c1982
Ausgabe:2a edición
Schlagworte:
Tags: Tag hinzufügen
Keine Tags, Fügen Sie das erste Tag hinzu!

MARC

LEADER 00000nam^a2200000^a^4500
001 000033170
005 20250521000000.0
009 20260310085146.988
020 |a 84-7522-0231 
037 |a Acervo ITESO - Biblioteca 
041 |a ESP 
082 |a 821.  |b DUR 
100 |a Durrell, Lawrence  |e (autor) 
245 1 0 |a Poemas escogidos [de Lawrence Durrell] :  |b 1935-1963 /  |c L. Durrell ; tr. y pról. de J.M. Martín. 
250 |a 2a edición 
264 4 |a Madrid, España :  |b Visor,  |c 1982, c1982 
300 |a 86 p. 
336 |a texto  |b txt  |2 rdacontenido 
337 |a sin mediación  |b n  |2 rdamedio 
338 |a volumen  |b nc  |2 rdasoporte 
500 |a Traducción de: Selected Poems 1935-1963 
545 0 |a Nacido en India en 1912 y muerto en Francia en 1990, el escritor británico Lawrence Durrell es reconocido principalmente por los ciclos de novelas El cuarteto de Alejandría y El quintento de Aviñón. Justine (1957), Balthazar (1958), Mountolive (1958) y Clea (1960) integran una narración ambientada en Egipto, en la que la verdad es puesta en tela de juicio desde cuatro puntos de vista distintos. Por su parte, Monsieur, Livia, Constance, Sebastian y Quinx conforman una pentalogía que arranca en Aviñón en los preámbulos de la Segunda Guerra Mundial y cuyo desarrollo conduce a varios de sus personajes a Alejandría, donde se produce una confrontación entre Oriente y Occidente. Cefalú; Tunc (1968) y Nunquam (1970) son otras de las novelas de Durrell, quien en el volumen Antrobus (1957) reúne una veintena de relatos protagonizados por un diplomático británico. Dan cuenta de las incursiones de Durrell en otors géneros literarios el ensayo Lectura de Henry Miler, el libro de viajes Las islas griegas o sus Poesías selectas (1968). 
649 |a XX 
650 |a Poesía Inglesa 
650 |a Literatura Inglesa -  |y Siglo XX 
910 |a Fondo General 
920 |a Impresos - Libros 
930 |a Colección General 
940 |a Literatura 
905 |a 101 
901 |a 0331700100  |b IT1  |c LIT  |i 033170  |u 20250521 
902 |a https://opac.biblio.iteso.mx/vufind/Record/000033170